| 000 | 00642nam a22001937a 4500 | ||
|---|---|---|---|
| 003 | 0 | ||
| 005 | 20160609165901.0 | ||
| 008 | 101005t xxu||||| |||| 00| 0 eng d | ||
| 040 |
_aBUAC _cBEPAC |
||
| 100 |
_aTossou , Myrlène Carine B. _99534 |
||
| 130 |
_lfr _99535 |
||
| 245 | _aEtude de l'effet de l'incorporation de la mélasse dans l'alimentation sur des performances zootechniques du lapin à l'engraissement | ||
| 260 |
_aR15711 _bR15711 _c2006-2007 |
||
| 300 | _aXII-59p. | ||
| 650 |
_aMELASSE _bALIMENTATION _99536 |
||
| 650 |
_aPERFORMANCE ZOOTECHNIQUE _bENGRAISSEMENT _99537 |
||
| 700 |
_aKpodekon , Marc T. _99538 |
||
| 942 | _cTHE | ||
| 999 |
_c47879 _d47879 |
||